000 00387nam a2200157Ia 4500
008 230917s9999||||xx |||||||||||||| ||und||
040 _e198897
_aMAIN
041 _aEnglish
082 _a658 P932I(10)
100 _aPride, William M
245 0 _aIntroduction to business
250 _a10th ed.
260 _aBelMont
_bCengage Learning
_c2010
300 _axxx, 626 p.
942 _cBK
999 _c162831
_d162831